| 000 | 00332nam a2200133Ia 4500 | ||
|---|---|---|---|
| 008 | 230917s9999||||xx |||||||||||||| ||und|| | ||
| 040 |
_e96473 _aMAIN |
||
| 041 | _aEnglish | ||
| 082 | _a355 P469H | ||
| 100 | _aKapender Singh | ||
| 245 | 0 | _aHind Mahasagar va Bharatiya suraksha evam samudri ranniti | |
| 300 | _a88 p. | ||
| 942 | _cTH | ||
| 999 |
_c88551 _d88551 |
||